[Event "Staufer op 34th"]
[Site "Schwaebisch Gmuend"]
[Date "2024.01.05"]
[Round "7"]
[White "Lohvinov, Petro"]
[Black "Koppe, Connor"]
[Result "1-0"]
[WhiteElo "2188"]
[BlackElo "1994"]
[PlyCount "57"]
[EventDate "2024.01.02"]
[EventType "swiss"]
[EventRounds "9"]
[EventCountry "GER"]
[SourceTitle "CB02_2024"]
[SourceDate "2024.01.10"]
[SourceVersion "1"]
[SourceVersionDate "2024.01.10"]
[SourceQuality "1"]

1. e4 c5 2. Nf3 Nc6 3. d3 d6 4. g3 Bg4 5. Bg2 Nd4 6. Nbd2 g6 7. c3 Nxf3+ 8. Nxf3 Bg7 9. h3 Bd7 10. 0-0 Qc7 11. Re1 e5 12. Bg5 h6 13. Be3 0-0-0 14. b4 f5 15. exf5 gxf5 16. bxc5 dxc5 17. Rb1 Bc6 18. Bxc5 b6 19. Be3 Be4 20. Qa4 Bxd3 21. Rbd1 Ne7 22. Rxd3 Rxd3 23. Qa6+ Kb8 24. Qxd3 e4 25. Qa6 Nd5 26. Nd4 Bxd4 27. Bxd4 Rg8 28. a4 f4 29. Rxe4 1-0

[Event "Millennium Masters 2nd"]
[Site "Rosenheim"]
[Date "2023.04.08"]
[Round "6"]
[White "Yelisieiev, Yevhenii"]
[Black "Lohvinov, Petro"]
[Result "1-0"]
[WhiteElo "2402"]
[BlackElo "2260"]
[PlyCount "81"]
[EventDate "2023.04.03"]
[EventType "tourn"]
[EventRounds "9"]
[EventCountry "GER"]
[EventCategory "4"]
[SourceTitle "CBM 213 Extra"]
[Source "ChessBase"]
[SourceDate "2023.05.31"]
[SourceVersion "1"]
[SourceVersionDate "2023.05.31"]
[SourceQuality "1"]

1. d4 Nf6 2. Nf3 g6 3. g3 Bg7 4. Bg2 0-0 5. 0-0 d6 6. b3 c5 7. Bb2 cxd4 8. Nxd4 d5 9. c4 e5 10. Nf3 e4 11. Nd4 dxc4 12. bxc4 e3 13. fxe3 Ng4 14. Qc1 Bh6 15. Nc2 Nc6 16. Nc3 Nd4 17. Kh1 Nxc2 18. Qxc2 Nxe3 19. Qc1 Ng4 20. Qb1 Be6 21. Nd5 f5 22. Qc2 Bg7 23. Bxg7 Kxg7 24. Qb2+ Kg8 25. Qxb7 Rb8 26. Qxa7 Rf7 27. Qd4 Nf6 28. Nxf6+ Qxf6 29. Qxf6 Rxf6 30. Rfc1 Rc8 31. c5 Bd7 32. a4 Bc6 33. a5 Bxg2+ 34. Kxg2 Rcc6 35. a6 Rxa6 36. Rxa6 Rxa6 37. c6 Ra8 38. c7 Rc8 39. Kf3 Kf7 40. Kf4 Ke6 41. Kg5 1-0

[Event "Bodenmais op"]
[Site "Bodenmais"]
[Date "2022.08.02"]
[Round "4"]
[White "Fruehe, Norbert"]
[Black "Lohvinov, Petro"]
[Result "0-1"]
[WhiteElo "1937"]
[BlackElo "2232"]
[PlyCount "48"]
[EventDate "2022.07.30"]
[EventType "swiss"]
[EventRounds "9"]
[EventCountry "GER"]
[SourceTitle "CBM 209 Extra"]
[Source "ChessBase"]
[SourceDate "2022.09.30"]
[SourceVersion "1"]
[SourceVersionDate "2022.09.30"]
[SourceQuality "1"]

1. e4 c5 2. d4 cxd4 3. c3 Nf6 4. e5 Nd5 5. cxd4 e6 6. Bc4 d6 7. Ne2 Nc6 8. f4 dxe5 9. dxe5 Bc5 10. Nbc3 0-0 11. Bd2 Bd7 12. Ne4 Ne3 13. Bxe3 Bxe3 14. Qd3 Nb4 15. Qb3 Bc6 16. N2g3 Qa5 17. Qc3 Bd4 18. Qd2 Nc2+ 19. Ke2 Qxd2+ 20. Kxd2 Nxa1 21. Rxa1 Bxb2 22. Rb1 Rad8+ 23. Ke2 Bd4 24. Kf1 Be3 0-1

[Event "Bodenmais op"]
[Site "Bodenmais"]
[Date "2022.07.31"]
[Round "2"]
[White "Fuchs, Florian"]
[Black "Lohvinov, Petro"]
[Result "1-0"]
[WhiteElo "2320"]
[BlackElo "2232"]
[PlyCount "111"]
[EventDate "2022.07.30"]
[EventType "swiss"]
[EventRounds "9"]
[EventCountry "GER"]
[SourceTitle "CBM 209 Extra"]
[Source "ChessBase"]
[SourceDate "2022.09.30"]
[SourceVersion "1"]
[SourceVersionDate "2022.09.30"]
[SourceQuality "1"]

1. e4 e5 2. Nf3 Nc6 3. Bb5 a6 4. Ba4 Nf6 5. d3 Bc5 6. c3 d6 7. 0-0 b5 8. Bc2 Bb6 9. Re1 0-0 10. Nbd2 Be6 11. Nf1 h6 12. Ng3 Re8 13. h3 d5 14. exd5 Nxd5 15. Be3 Nxe3 16. fxe3 f5 17. d4 e4 18. Nd2 Na5 19. Qh5 Qg5 20. Qxg5 hxg5 21. b4 Nb7 22. Nb3 Nd6 23. Nc5 Bc4 24. Bb3 g6 25. Nf1 Bxc5 26. bxc5 Bxb3 27. axb3 Nc8 28. Ra5 Ne7 29. Rea1 Nd5 30. Rxa6 Rxa6 31. Rxa6 Nxc3 32. Rxg6+ Kf7 33. Rxg5 Kf6 34. h4 Ra8 35. Ng3 Ra1+ 36. Kh2 f4 37. Rf5+ Kg6 38. Rxf4 Rb1 39. Rg4+ Kh7 40. Nf5 Nd5 41. h5 Rxb3 42. Rg7+ Kh8 43. h6 Ra3 44. g4 b4 45. Ne7 Ra6 46. g5 Nxe7 47. Rxe7 Rc6 48. Re8+ Kh7 49. Kg3 b3 50. Rb8 Kg6 51. Kg4 Ra6 52. Rxb3 Ra1 53. Rb8 c6 54. Rg8+ Kh7 55. Rg7+ Kh8 56. Rc7 1-0

[Event "Cattolica op-A"]
[Site "Cattolica"]
[Date "2022.06.08"]
[Round "5"]
[White "Willow, Jonah B"]
[Black "Lohvinov, Petro"]
[Result "1/2-1/2"]
[WhiteElo "2393"]
[BlackElo "2232"]
[PlyCount "90"]
[EventDate "2022.06.04"]
[EventType "swiss"]
[EventRounds "9"]
[EventCountry "ITA"]
[SourceTitle "EXT 2023"]
[Source "ChessBase"]
[SourceDate "2022.10.05"]
[SourceVersion "1"]
[SourceVersionDate "2022.10.05"]
[SourceQuality "1"]

1. e4 c5 2. Nf3 e6 3. d4 cxd4 4. Nxd4 a6 5. Bd3 Bc5 6. Nb3 Be7 7. 0-0 d6 8. c4 Nf6 9. Nc3 Nbd7 10. f4 Qc7 11. Be3 b6 12. Qf3 Bb7 13. Rad1 0-0 14. Qh3 h6 15. g4 Nh7 16. g5 Kh8 17. g6 fxg6 18. Qxe6 Bf6 19. Qg4 Bxc3 20. bxc3 Nhf6 21. Qxg6 Rae8 22. Bd4 Bxe4 23. Bxe4 Rxe4 24. Rde1 Rfe8 25. Rxe4 Rxe4 26. Nd2 Re2 27. Qd3 Re7 28. Nf3 Nc5 29. Qg6 Nce4 30. Nh4 Qxc4 31. Qf5 Re8 32. Re1 Qxa2 33. Ng2 Qc4 34. Qg6 Qc6 35. Nh4 d5 36. Nf5 Qd7 37. Nxh6 Rf8 38. Nf5 Qf7 39. Qg2 Nh5 40. Nh4 Nxf4 41. Qg4 Ne6 42. Ng6+ Kg8 43. Nxf8 Nxd4 44. Rf1 Nf6 45. Qxd4 Kxf8 1/2-1/2

[Event "Bassano del Grappa Easter op-A 2nd"]
[Site "Bassano del Grappa"]
[Date "2022.04.16"]
[Round "5"]
[White "Bosiocic, Marin"]
[Black "Lohvinov, Petro"]
[Result "1-0"]
[WhiteElo "2541"]
[BlackElo "2238"]
[PlyCount "87"]
[EventDate "2022.04.14"]
[EventType "swiss"]
[EventRounds "9"]
[EventCountry "ITA"]
[SourceTitle "CBM 207 Extra"]
[Source "ChessBase"]
[SourceDate "2022.05.31"]
[SourceVersion "1"]
[SourceVersionDate "2022.05.31"]
[SourceQuality "1"]

1. d4 Nf6 2. c4 g6 3. Nc3 Bg7 4. e4 d6 5. h3 0-0 6. Be3 c5 7. Nf3 cxd4 8. Nxd4 b6 9. g3 Bb7 10. Bg2 Nbd7 11. 0-0 Rc8 12. Qe2 Nc5 13. Qc2 Qd7 14. Rfd1 Ne6 15. b3 Nxd4 16. Bxd4 Rfd8 17. a4 Qc7 18. a5 Nd7 19. axb6 axb6 20. Bxg7 Kxg7 21. Ra7 Qb8 22. Rda1 Ne5 23. Qd2 Nc6 24. R7a3 Ne5 25. Qd4 Kg8 26. Qxb6 Bc6 27. Qe3 Qb4 28. Nd5 Bxd5 29. exd5 Re8 30. Be4 Nd7 31. Bc2 e5 32. Ra7 Nc5 33. h4 e4 34. h5 Re5 35. h6 g5 36. Ra8 Qb7 37. Rxc8+ Qxc8 38. b4 Nd7 39. Ba4 f6 40. Bc6 Nb8 41. Ra8 Kf7 42. Qa7+ Kg6 43. Rxb8 Qh3 44. Rg8+ 1-0

[Event "Bassano del Grappa Easter op-A 2nd"]
[Site "Bassano del Grappa"]
[Date "2022.04.15"]
[Round "4"]
[White "Lohvinov, Petro"]
[Black "Carlo, Emanuele"]
[Result "1/2-1/2"]
[WhiteElo "2238"]
[BlackElo "2296"]
[PlyCount "75"]
[EventDate "2022.04.14"]
[EventType "swiss"]
[EventRounds "9"]
[EventCountry "ITA"]
[SourceTitle "EXT 2024"]
[Source "ChessBase"]
[SourceDate "2023.10.10"]
[SourceVersion "1"]
[SourceVersionDate "2023.10.10"]
[SourceQuality "1"]

1. e4 e5 2. Nf3 Nc6 3. Bc4 Bc5 4. d3 Nf6 5. c3 d6 6. Nbd2 0-0 7. 0-0 a5 8. h3 Be6 9. Bb3 h6 10. Re1 Re8 11. Ba4 Nd7 12. a3 Qb8 13. Nf1 d5 14. exd5 Bxd5 15. Ne3 Bxe3 16. Bxe3 Qd8 17. c4 Be6 18. Bxc6 bxc6 19. b4 f5 20. Bd2 Qf6 21. Bc3 Bf7 22. d4 e4 23. Ne5 Nxe5 24. dxe5 Qg6 25. Qe2 a4 26. Rad1 Rad8 27. Rxd8 Rxd8 28. Rd1 Rxd1+ 29. Qxd1 f4 30. Qd8+ Kh7 31. e6 Bxe6 32. Qxc7 f3 33. Qg3 Qxg3 34. fxg3 Bxc4 35. gxf3 exf3 36. Kf2 Bd5 37. Bd4 Kg6 38. b5 1/2-1/2

[Event "Rosenheim Millennium"]
[Site "Rosenheim"]
[Date "2022.03.24"]
[Round "2"]
[White "Lohvinov, Petro"]
[Black "Goldbeck, Lars"]
[Result "1-0"]
[WhiteElo "2230"]
[BlackElo "2267"]
[PlyCount "53"]
[EventDate "2022.03.23"]
[EventType "tourn"]
[EventRounds "9"]
[EventCountry "GER"]
[EventCategory "3"]
[SourceTitle "CBM 207 Extra"]
[Source "ChessBase"]
[SourceDate "2022.05.31"]
[SourceVersion "1"]
[SourceVersionDate "2022.05.31"]
[SourceQuality "1"]

1. e4 c6 2. d4 d5 3. e5 Bf5 4. Nf3 e6 5. Be2 Ne7 6. 0-0 Ng6 7. Be3 Nd7 8. Ne1 h5 9. c3 c5 10. Nd2 h4 11. a4 Qb6 12. Ra2 a6 13. h3 Ne7 14. dxc5 Qc7 15. b4 Nxe5 16. Ndf3 Nxf3+ 17. Nxf3 e5 18. Rd2 f6 19. Re1 Rd8 20. c4 d4 21. Bxd4 Nc6 22. b5 Nb4 23. Nxe5 fxe5 24. Bxe5 Rxd2 25. Qxd2 Qxc5 26. Bd4 Qe7 27. Bg4 1-0

[Event "Innsbruck op 5th"]
[Site "Innsbruck"]
[Date "2021.08.21"]
[Round "1"]
[White "Arndt, Magnus"]
[Black "Lohvinov, Petro"]
[Result "1-0"]
[WhiteElo "2338"]
[BlackElo "2108"]
[PlyCount "69"]
[EventDate "2021.08.21"]
[EventType "swiss"]
[EventRounds "9"]
[EventCountry "AUT"]
[SourceTitle "CBM 204 Extra"]
[Source "ChessBase"]
[SourceDate "2021.11.30"]
[SourceVersion "1"]
[SourceVersionDate "2021.11.30"]
[SourceQuality "1"]

1. e4 c5 2. Nf3 e6 3. c3 Nf6 4. e5 Nd5 5. g3 d6 6. exd6 Bxd6 7. Bg2 Nc6 8. 0-0 0-0 9. d4 Bd7 10. c4 Nb6 11. dxc5 Bxc5 12. Qe2 Qe7 13. Nc3 e5 14. Re1 Bg4 15. Qf1 Bxf3 16. Bxf3 Nd4 17. Bd1 Rfd8 18. Be3 Nf5 19. Bf3 Nxe3 20. fxe3 Bb4 21. Rac1 Rd2 22. Re2 Rxe2 23. Qxe2 Bxc3 24. Rxc3 e4 25. Bg2 Rd8 26. Rc2 Rd3 27. Qf2 Rd1+ 28. Bf1 Qd7 29. c5 Na4 30. Kg2 b6 31. c6 Qc7 32. Qf4 Qd8 33. Ba6 Rd2+ 34. Rxd2 Qxd2+ 35. Qf2 1-0

[Event "Cattolica Summer GM Mix"]
[Site "Cattolica"]
[Date "2021.05.26"]
[Round "9"]
[White "Lohvinov, Petro"]
[Black "Costa, Leonardo"]
[Result "0-1"]
[WhiteElo "2161"]
[BlackElo "2069"]
[PlyCount "42"]
[EventDate "2021.05.21"]
[EventType "swiss"]
[EventRounds "9"]
[EventCountry "ITA"]
[SourceTitle "CBM 202 Extra"]
[Source "ChessBase"]
[SourceDate "2021.07.31"]
[SourceVersion "1"]
[SourceVersionDate "2021.07.31"]
[SourceQuality "1"]

1. e4 e5 2. Nf3 Nc6 3. d4 exd4 4. Nxd4 Qf6 5. Be3 Bc5 6. c3 Nge7 7. Qd2 Ng6 8. Nb5 Bxe3 9. Qxe3 Qd8 10. Nd2 a6 11. Nd4 0-0 12. 0-0-0 d5 13. Nxc6 bxc6 14. f4 Bg4 15. Re1 dxe4 16. Nxe4 Qd5 17. c4 Qa5 18. Nc3 Rab8 19. Qf2 Rfd8 20. h3 Bf5 21. g4 Qxc3+ 0-1